00586cam a22002291 4500001001300000003000400013005001700017008004100034010001700075035002000092040001800112041001100130042001200141050002000153100004200173245005000215260001100265300001900276500002400295700002000319999001700339sa 64000611 DLC20260227111957.0890919s1963 ii 000 0 beno  asa 64000611  a(OCoLC)20366218 aDLCcWaUdDLC0 abeneng apremarc00aPK1718.D74bZ531 aDutt, Michael Madhusudan,d1824-1873.10aKabi Madhusūdana o tām̐ra patrābalī. c[1963] a274 p.c23 cm. aBengali or English.1 aGupta, Kshetra. c56349d56349